Passage 1 - 6

Salvato in:
Dettagli Bibliografici
Autore principale: Roman, Annette
Natura: Libro
Lingua:inglese
Pubblicazione: Washington, D.C. The World Bank 2007
Serie:1 world manga
Soggetti:
Tags: Aggiungi Tag
Nessun Tag, puoi essere il primo ad aggiungerne!!

MARC

LEADER 00000nam$a2200000$$$4500
001 0061460
005 20240315115602.9
020 |a 0-8213-6917-2 
020 |a 978-0-8213-6917-3 
041 0 |a eng 
044 |a US 
245 1 0 |a Passage 1 - 6  |c story by Annette Roman 
264 1 |a Washington, D.C.  |b The World Bank  |c 2007 
300 |a 250 s. 
490 1 |a 1 world manga 
830 0 |a 1 world manga 
610 2 0 |a chudoba 
610 2 0 |a chorobnosť 
610 2 0 |a efekt skleníkový 
610 2 0 |a deti 
610 2 0 |a vojaci 
610 2 0 |a ženy 
610 2 0 |a vzdelávanie 
610 2 0 |a korupcia 
610 2 0 |a problémy spoločenské 
100 1 |a Roman, Annette